Qualification coupe du monde 2018 - Statistiques

Statistiques générales
  • Ce quiz a été pris 35 fois
  • Le résultat moyen est 13 sur 40
Statistiques - réponses
Confédération Date du match Equipe à Domicile Equipe à l’extérieur Score % Correct
UEFA 31/08/2017 France Pays Bas 4-0
80%
Barrage international 15/11/2017 Australie Honduras 3-1
64%
AFC 10/10/2017 Australie Syrie 2-1 (ap)
64%
COMMEBOL 11/19/2016 Argentine Paraguay 0-1
60%
UEFA (barrage) 13/11/2017 Italie Suède 0-0
60%
COMMEBOL 13/10/2015 Pérou Chili 3-4
60%
AFC 28/03/2017 Japon Thailande 4-0
56%
UEFA (barrage) 09/11/2017 Croatie Grèce 4-1
52%
UEFA 10/10/2017 Portugal Suisse 2-0
48%
COMMEBOL 10/10/2017 Uruguay Bolivie 4-2
48%
CONCACAF 10/10/2017 Panama Costa Rica 2-1
44%
COMMEBOL 10/10/2017 Equateur Argentine 1-3
40%
CAF 13/10/2015 Niger Somalie 4-0
40%
CAF 08/10/2017 Egypte Congo 2-1
36%
UEFA 06/10/2016 Islande Finlande 3-2
36%
UEFA 09/10/2017 Serbie Géorgie 1-0
36%
COMMEBOL 05/10/2017 Venezuela Uruguay 0-0
36%
UEFA 07/11/2017 Bosnie Herzegovine Belgique 3-4
32%
UEFA (barrage) 09/11/2017 Irlande du Nord Suisse 0-1
32%
Barrage international 11/11/2017 Nouvelle Zélande Pérou 0-0
32%
CONCACAF 06/09/2016 Guatemala Saint Vincent et les Grenadines 9-3
28%
UEFA 04/09/2016 Kazakhstan Pologne 2-2
28%
CONCACAF 16/06/2015 Salvador Saint Christophe et Niévès 4-1
28%
OFC 31/08/2015 Tonga Iles Cook 0-3
28%
AFC 03/09/2015 Qatar Bhoutan 15-0
24%
UEFA 06/09/2016 Bulgarie Luxembourg 4-3
20%
UEFA 05/10/2017 Saint Marin Norvège 0-8
20%
OFC 05/09/2017 Salomon Nouvelle Zélande 2-2
20%
AFC 23/03/2017 Syrie Ouzbékistan 1-0
20%
CAF 07/10/2017 Cap Vert Sénégal 0-2
16%
CONCACAF 14/06/2015 Guyana Saint Vincent et les Grenadines 4-4
16%
OFC 23/03/2017 Papouasie Nouvelle Guinée Tahiti 1-3
16%
CONCACAF 10/10/2017 Trinité et Tobago Etats Unis 2-1
16%
CAF 09/10/2016 Zambie Nigeria 1-2
16%
AFC 17/03/2015 Brunei Taiwan 0-2
12%
CAF 09/10/2015 Djibouti Swaziland 0-6
12%
CAF 09/10/2015 Gambie Namibie 1-1
12%
CONCACAF 04/09/2015 Grenade Haiti 1-3
12%
AFC 17/03/2015 Mongolie Timor Oriental 0-1
8%
CONCACAF 26/03/2015 Turques-et-Caïques Saint Christophe et Niévès 2-6
0%
Aucun quiz correspondant
Distribution des résultats
% des personnes avec chaque résultat
Percentile par nombre de réponses
Votre historique - résultats
Vous n’avez pas pris ce quiz